00704 a2200193 4500020001500000040003300015082001200048100001900060245007400079246003900153250001200192260005500204300006600259500005900325500002000384650005100404650003600455700001900491 a1878739735 aLibrary of CongressbEnglish00a005.1331 aLafore, Robert14aThe Waite Group's object-oriented programming in C++ cRobert Lafore.18aObject-oriented programming in C++ a2nd ed. aCorte Madera, Calif. :bWaite Group Press,cc1995. axxix, 863 p. :bill. ;c23 cm. +e1 computer disk (3 1/2 in.) aRev. ed. of: Object-oriented programming in Turbo C++. aIncludes index. 0aObject-oriented programming (Computer science) 0aC++ (Computer program language)1 aLafore, Robert